[Event "CAN-op"]
[Site "Edmonton CAN"]
[Date "2000.07.14"]
[Round "8"]
[White "Lipnowski, Samuel"]
[Black "Lentini, Joseph"]
[Result "0-1"]
[WhiteElo "2009"]
[BlackElo "2153"]
[PlyCount "60"]
[GameId "2160767911694931"]
[EventDate "2000.07.08"]
[EventType "swiss"]
[EventRounds "10"]
[EventCountry "CAN"]

1. c4 Nf6 2. g3 g6 3. Bg2 Bg7 4. Nc3 e5 5. d3 O-O 6. e3 d6 7. Rb1 Nbd7 8. Nge2 Re8 9. O-O Nf8 10. b4 Ne6 11. Kh1 a5 12. b5 Nc5 13. Ba3 Rb8 14. d4 exd4 15. exd4 Nce4 16. c5 dxc5 17. dxc5 Nd2 18. Qa4 Nxb1 19. Rxb1 Ng4 20. Qf4 Bh6 21. Qf3 Ne5 22. Qd5 Bf5 23. Rd1 Nd3 24. Kg1 Qe7 25. Qc4 Rbd8 26. Bxb7 Nxf2 27. Rxd8 Nh3+ 28. Kh1 Rxd8 29. Bg2 Nf2+ 30. Kg1 Qe3 0-1

[Event "CAN-op"]
[Site "Edmonton CAN"]
[Date "2000.07.14"]
[Round "8"]
[White "Ludwig, David"]
[Black "Long, Hugh"]
[Result "0-1"]
[WhiteElo "1801"]
[BlackElo "1928"]
[PlyCount "70"]
[GameId "2160767911694932"]
[EventDate "2000.07.08"]
[EventType "swiss"]
[EventRounds "10"]
[EventCountry "CAN"]

1. c4 e5 2. Nc3 b6 3. d4 exd4 4. Qxd4 Bb7 5. Nf3 Nc6 6. Qd2 Nf6 7. a3 a5 8. b3 Bc5 9. e3 O-O 10. Bd3 Re8 11. O-O Ne5 12. Nxe5 Rxe5 13. Qc2 h6 14. Ne2 Ng4 15. Bb2 Rh5 16. h3 Rxh3 17. gxh3 Nxe3 18. Qc3 Qg5+ 19. Ng3 Nxf1 20. Kxf1 f6 21. Be4 Qf4 22. Qc2 Bxe4 23. Nxe4 Re8 24. Nxc5 Qh2 25. Ne4 Qh1+ 26. Ke2 Rxe4+ 27. Kd2 Qf3 28. Qxe4 Qxe4 29. Re1 Qf5 30. Re8+ Kf7 31. Re2 Qxh3 32. Bc3 Qf3 33. b4 axb4 34. Bxb4 c5 35. Bc3 h5 0-1

[Event "CAN-op"]
[Site "Edmonton CAN"]
[Date "2000.07.14"]
[Round "8"]
[White "MacNab, John"]
[Black "Milne, Arthur"]
[Result "1-0"]
[WhiteElo "1674"]
[BlackElo "1929"]
[PlyCount "86"]
[GameId "2160767911694933"]
[EventDate "2000.07.08"]
[EventType "swiss"]
[EventRounds "10"]
[EventCountry "CAN"]

1. e4 c5 2. Nf3 e6 3. d4 cxd4 4. Nxd4 a6 5. Nc3 Qc7 6. Be2 Nf6 7. O-O b5 8. Bf3 e5 9. Nd5 Nxd5 10. exd5 d6 11. Ne2 Be7 12. Ng3 O-O 13. Re1 f5 14. Rxe5 dxe5 15. d6 Bxd6 16. Bxa8 Be6 17. Bd5 Qf7 18. Bxe6 Qxe6 19. Bd2 Nc6 20. a3 e4 21. Qe1 Nd4 22. Rc1 Qc4 23. Bc3 Bxg3 24. Bxd4 Bxh2+ 25. Kxh2 Qxd4 26. b4 Rd8 27. Kg1 f4 28. Kf1 Rd6 29. Qe2 Rh6 30. Kg1 e3 31. fxe3 fxe3 32. Rd1 Qb6 33. Rd3 Re6 34. g3 h6 35. Kg2 Qb7+ 36. Kg1 Qe4 37. g4 Kh7 38. c3 Re5 39. Rd4 Qg6 40. Kf1 Qb1+ 41. Rd1 Qe4 42. Kg1 Rg5 43. Rd4 Rxg4+ 1-0

[Event "CAN-op"]
[Site "Edmonton CAN"]
[Date "2000.07.14"]
[Round "8"]
[White "Marks, Terry"]
[Black "Carayanniotis, Jason"]
[Result "0-1"]
[WhiteElo "1593"]
[BlackElo "977"]
[PlyCount "60"]
[GameId "2160767911694934"]
[EventDate "2000.07.08"]
[EventType "swiss"]
[EventRounds "10"]
[EventCountry "CAN"]

1. d4 Nf6 2. c4 g6 3. Nc3 Bg7 4. e3 O-O 5. Bd3 d6 6. h3 e5 7. d5 a5 8. e4 Na6 9. Be3 Nc5 10. Qd2 Bd7 11. Nge2 c6 12. Ng3 Re8 13. Bc2 cxd5 14. cxd5 b5 15. a3 b4 16. Bxc5 bxc3 17. Qxc3 dxc5 18. O-O Qb6 19. Rfd1 Re7 20. Rab1 Ne8 21. Nf1 Nd6 22. g4 f5 23. Ne3 fxg4 24. hxg4 Rf7 25. Kg2 Nb5 26. Qb3 Qf6 27. Rd2 Qf3+ 28. Kh2 Nd4 29. Qb7 Bxg4 30. Nxg4 Rxb7 0-1

[Event "CAN-op"]
[Site "Edmonton CAN"]
[Date "2000.07.14"]
[Round "8"]
[White "Martin, Steve"]
[Black "Hellsten, Ole"]
[Result "0-1"]
[WhiteElo "1266"]
[BlackElo "1979"]
[PlyCount "74"]
[GameId "2160767911694935"]
[EventDate "2000.07.08"]
[EventType "swiss"]
[EventRounds "10"]
[EventCountry "CAN"]

1. d4 Nf6 2. c4 e6 3. Nc3 d5 4. Bg5 Be7 5. e3 O-O 6. Nf3 c6 7. Bd3 b6 8. O-O Nbd7 9. cxd5 exd5 10. Qc2 h6 11. Bh4 Re8 12. Rac1 Bb7 13. Rfd1 Ne4 14. Bxe7 Qxe7 15. Bxe4 dxe4 16. Nd2 f5 17. Qb3+ Kh7 18. Nf1 Nf6 19. Qc2 g6 20. a3 Red8 21. Ng3 Rac8 22. Qe2 Rd7 23. h4 h5 24. Nf1 Rdc7 25. Rc2 Nd7 26. Rcd2 Qxh4 27. d5 cxd5 28. Nxd5 Bxd5 29. Rxd5 Nc5 30. Ng3 Nd3 31. Nxf5 gxf5 32. Rxf5 Kg6 33. Rd5 Rc2 34. Qf1 Rxf2 35. Qxf2 Qxf2+ 36. Kh2 Rc2 37. Rg1 Qh4# 0-1

[Event "CAN-op"]
[Site "Edmonton CAN"]
[Date "2000.07.14"]
[Round "8"]
[White "McKay, Tom"]
[Black "Phimester, Alex"]
[Result "1-0"]
[WhiteElo "1689"]
[BlackElo "1479"]
[PlyCount "73"]
[GameId "2160767911694936"]
[EventDate "2000.07.08"]
[EventType "swiss"]
[EventRounds "10"]
[EventCountry "CAN"]

1. e4 e5 2. Nf3 Nc6 3. Bb5 Nge7 4. c3 a6 5. Ba4 d6 6. h3 g6 7. d4 Bg7 8. O-O Bd7 9. Bc2 exd4 10. cxd4 O-O 11. Be3 f5 12. Nc3 fxe4 13. Nxe4 Nd5 14. a3 Nce7 15. Bd2 Bf5 16. Re1 Qd7 17. Kh2 c5 18. Bc3 Nf4 19. Ng1 Ned5 20. dxc5 Bxe4 21. Bxe4 dxc5 22. Bxg7 Kxg7 23. g3 Qd6 24. Qd2 g5 25. Rad1 Rad8 26. Kh1 h5 27. gxf4 Rxf4 28. f3 g4 29. Qxd5 Qxd5 30. Rxd5 Rdf8 31. hxg4 hxg4 32. Rg5+ Kf6 33. Rxg4 Rxg4 34. fxg4 Kg5 35. Bf5 Kf4 36. Kg2 Rd8 37. Nh3# 1-0

[Event "CAN-op"]
[Site "Edmonton CAN"]
[Date "2000.07.14"]
[Round "8"]
[White "McKim, Fred"]
[Black "McIntyre, John"]
[Result "0-1"]
[WhiteElo "2062"]
[BlackElo "1992"]
[PlyCount "92"]
[GameId "2160767911694937"]
[EventDate "2000.07.08"]
[EventType "swiss"]
[EventRounds "10"]
[EventCountry "CAN"]

1. e4 Nf6 2. e5 Nd5 3. d4 d6 4. Nf3 Bg4 5. exd6 Qxd6 6. Be2 Nc6 7. c3 O-O-O 8. Ne5 Bxe2 9. Qxe2 Nxe5 10. Qxe5 Qg6 11. O-O e6 12. Nd2 Bd6 13. Qe4 Nf4 14. Qxg6 Ne2+ 15. Kh1 hxg6 16. Nf3 Bxh2 17. g3 Bxg3+ 18. Kg2 Bf4 19. Be3 Bd6 20. Ne5 g5 21. Bxg5 f6 22. Nf7 fxg5 23. Nxd8 Nf4+ 24. Kf3 Kxd8 25. Rh1 Rh6 26. Kg4 Kd7 27. Rad1 Rxh1 28. Rxh1 Nd3 29. Kxg5 Bf4+ 30. Kg6 Bh6 31. f3 b6 32. b3 Ke7 33. a4 Nf4+ 34. Kh7 Kf7 35. a5 Nd5 36. axb6 axb6 37. c4 Nf6+ 38. Kh8 c6 39. Ra1 g5 40. Ra7+ Kg6 41. Re7 Bf8 42. Rb7 Ne8 43. d5 cxd5 44. cxd5 exd5 45. Rxb6+ Nf6 46. Rb7 d4 0-1

[Event "CAN-op"]
[Site "Edmonton CAN"]
[Date "2000.07.14"]
[Round "8"]
[White "Miller, Brian"]
[Black "Clemens, John"]
[Result "1-0"]
[WhiteElo "1854"]
[BlackElo "1564"]
[PlyCount "131"]
[GameId "2160767911694938"]
[EventDate "2000.07.08"]
[EventType "swiss"]
[EventRounds "10"]
[EventCountry "CAN"]

1. d4 d5 2. c4 e6 3. Nc3 Nf6 4. Bg5 Be7 5. Nf3 Nbd7 6. e3 c6 7. Bd3 O-O 8. Qc2 h6 9. h4 dxc4 10. Bxc4 Qc7 11. Bf4 Bd6 12. Bxd6 Qxd6 13. O-O-O a6 14. Rdg1 b5 15. Bb3 Nd5 16. g4 Nxc3 17. Qxc3 Bb7 18. Rh3 Rac8 19. Kb1 c5 20. dxc5 Rxc5 21. Qd4 Qe7 22. Rd1 Rd8 23. Rc1 Rxc1+ 24. Kxc1 Nc5 25. Qc3 Rc8 26. Kd1 Ne4 27. Qe1 Rd8+ 28. Ke2 Qd6 29. Kf1 Qd3+ 30. Kg1 Bd5 31. Bxd5 Rxd5 32. Nd4 e5 33. Nf5 Qd1 34. Kf1 Qxe1+ 35. Kxe1 Rd2 36. f3 Rxb2 37. fxe4 Rxa2 38. Rf3 b4 39. Ne7+ Kf8 40. Nd5 a5 41. Kd1 b3 42. Kc1 Rc2+ 43. Kb1 a4 44. Rf1 Rc4 45. Rc1 Rxc1+ 46. Kxc1 a3 47. Nb6 f6 48. h5 Kf7 49. Nc4 a2 50. Kb2 g6 51. Nd2 gxh5 52. gxh5 Ke6 53. Nxb3 f5 54. exf5+ Kxf5 55. Nd2 Kg4 56. Kxa2 Kxh5 57. Kb2 Kg4 58. Kc2 h5 59. Kd1 Kg3 60. Ke2 Kg2 61. Nf3 e4 62. Ng5 h4 63. Nxe4 h3 64. Nf2 h2 65. e4 Kg3 66. Ke3 1-0

[Event "CAN-op"]
[Site "Edmonton CAN"]
[Date "2000.07.14"]
[Round "8"]
[White "Miller, Chris"]
[Black "Soerensen, Lyndon"]
[Result "0-1"]
[WhiteElo "1557"]
[BlackElo "1742"]
[PlyCount "84"]
[GameId "2160767911694939"]
[EventDate "2000.07.08"]
[EventType "swiss"]
[EventRounds "10"]
[EventCountry "CAN"]

1. e4 e6 2. d4 a6 3. Nc3 b5 4. Nf3 Bb7 5. Bd3 c5 6. dxc5 Bxc5 7. O-O Qc7 8. Re1 Nf6 9. a3 Ng4 10. Re2 Qb6 11. Qe1 Nc6 12. h3 Nge5 13. Nxe5 Nxe5 14. Be3 Qc7 15. Bxc5 Qxc5 16. b4 Qc6 17. Rd1 Rc8 18. Na2 Nxd3 19. cxd3 O-O 20. Nc1 f5 21. Nb3 Ba8 22. Na5 Qc3 23. Qxc3 Rxc3 24. Ra2 Rfc8 25. Rdd2 d5 26. e5 d4 27. f4 Bd5 28. Ra1 Rc2 29. Rxc2 Rxc2 30. a4 Rxg2+ 31. Kf1 Rh2 32. axb5 axb5 33. Ra3 Rb2 34. Ke1 Rxb4 35. Kd1 Rb2 36. Kc1 Rh2 37. Nb3 Bxb3 38. Rxb3 Rxh3 39. Rxb5 Rxd3 40. Rb8+ Kf7 41. Rc8 Rc3+ 42. Rxc3 dxc3 0-1

[Event "CAN-op"]
[Site "Edmonton CAN"]
[Date "2000.07.14"]
[Round "8"]
[White "Nathani, Kaleim"]
[Black "Panjwani, Dilip"]
[Result "1-0"]
[WhiteElo "1963"]
[BlackElo "1599"]
[PlyCount "61"]
[GameId "2160767911694940"]
[EventDate "2000.07.08"]
[EventType "swiss"]
[EventRounds "10"]
[EventCountry "CAN"]

1. e4 c5 2. Nf3 Nc6 3. d4 cxd4 4. Nxd4 g6 5. Be3 Bg7 6. Nc3 Nf6 7. Be2 O-O 8. O-O d5 9. exd5 Nxd5 10. Nxc6 bxc6 11. Bd4 Nxc3 12. bxc3 Qc7 13. Bxg7 Kxg7 14. Bf3 Rd8 15. Qe2 Bb7 16. Rab1 Rab8 17. Rfe1 Rd7 18. Qe3 Ba8 19. Rb4 a5 20. Rh4 Rh8 21. Qh6+ Kg8 22. Bg4 e6 23. Rxe6 Rd1+ 24. Bxd1 fxe6 25. Rf4 Qg7 26. Qg5 h5 27. Rf6 Kh7 28. Rxe6 Qh6 29. Re7+ Kg8 30. Re8+ Kh7 31. Rxh8+ 1-0

[Event "CAN-op"]
[Site "Edmonton CAN"]
[Date "2000.07.14"]
[Round "8"]
[White "Neumann, Ralph"]
[Black "Gomboc, Dave"]
[Result "1/2-1/2"]
[WhiteElo "1707"]
[BlackElo "1991"]
[PlyCount "86"]
[GameId "2160767911694941"]
[EventDate "2000.07.08"]
[EventType "swiss"]
[EventRounds "10"]
[EventCountry "CAN"]

1. Nf3 d5 2. c4 c6 3. d4 e6 4. Bf4 Nf6 5. e3 Nbd7 6. h3 a6 7. c5 b6 8. b4 a5 9. Qa4 Bb7 10. b5 Qc8 11. Ne5 Nxe5 12. Bxe5 Nd7 13. bxc6 Bxc6 14. Bb5 Bxb5 15. Qxb5 Qa6 16. Qxa6 Rxa6 17. cxb6 Nxe5 18. dxe5 Bb4+ 19. Ke2 Rxb6 20. a3 Be7 21. Nd2 Kd7 22. Rhc1 Rhb8 23. a4 Rb2 24. Kd3 Bb4 25. Rc2 Bxd2 26. Kxd2 f6 27. exf6 gxf6 28. g4 Kd6 29. f4 e5 30. fxe5+ Kxe5 31. Rf1 Rxc2+ 32. Kxc2 Ke4 33. Rxf6 Kxe3 34. Re6+ Kf4 35. Rh6 Rb4 36. Rxh7 Rxa4 37. Kd3 Re4 38. Rd7 Re3+ 39. Kd4 Rxh3 40. Rxd5 a4 41. g5 Rg3 42. Ra5 Rg4 43. Kc3 Rxg5 1/2-1/2

[Event "CAN-op"]
[Site "Edmonton CAN"]
[Date "2000.07.14"]
[Round "8"]
[White "Nguyen, Kim"]
[Black "Predescu, Sebastian"]
[Result "0-1"]
[WhiteElo "2043"]
[BlackElo "2076"]
[PlyCount "60"]
[GameId "2160767911694942"]
[EventDate "2000.07.08"]
[EventType "swiss"]
[EventRounds "10"]
[EventCountry "CAN"]

1. e4 c6 2. d4 d5 3. exd5 cxd5 4. c4 Nf6 5. Nc3 e6 6. Nf3 Be7 7. Bd3 O-O 8. Bf4 Nc6 9. h3 b6 10. Rc1 Bb7 11. O-O Nb4 12. cxd5 Nxd3 13. Qxd3 Nxd5 14. Nxd5 Qxd5 15. Rc7 Bf6 16. Rfc1 Rfd8 17. Qc3 g6 18. Be5 Bxe5 19. dxe5 Rac8 20. Qb4 Qd1+ 21. Rxd1 Rxd1+ 22. Kh2 Rxc7 23. Ng5 h6 24. Ne4 Bxe4 25. Qxe4 Rd2 26. Qf4 Rcc2 27. Qxh6 Rxf2 28. Kg3 Rxg2+ 29. Kf4 Rxb2 30. Qh4 Rb4+ 0-1

[Event "CAN-op"]
[Site "Edmonton CAN"]
[Date "2000.07.14"]
[Round "8"]
[White "Nystrom, Kurtis"]
[Black "Lynn, Jim"]
[Result "1/2-1/2"]
[WhiteElo "1675"]
[BlackElo "1904"]
[PlyCount "99"]
[GameId "2160767911694945"]
[EventDate "2000.07.08"]
[EventType "swiss"]
[EventRounds "10"]
[EventCountry "CAN"]

1. e4 d5 2. exd5 Nf6 3. d4 Bg4 4. Be2 Bxe2 5. Qxe2 Qxd5 6. Nf3 e6 7. c4 Bb4+ 8. Bd2 Bxd2+ 9. Nbxd2 Qf5 10. O-O O-O 11. Rfe1 Nc6 12. Ne4 Qxe4 13. Qxe4 Nxe4 14. Rxe4 Rad8 15. Rd1 Rd7 16. Re2 Rfd8 17. Red2 f6 18. Kf1 a5 19. b3 Kf7 20. Ke2 h5 21. Ke3 g5 22. Ne1 Nb4 23. a3 Na6 24. Nc2 f5 25. Ke2 Kf6 26. b4 axb4 27. axb4 Nb8 28. b5 e5 29. dxe5+ Kxe5 30. Rxd7 Rxd7 31. Ra1 c6 32. Ra8 Rd8 33. Ra3 cxb5 34. cxb5 Rd5 35. Rb3 b6 36. Nb4 Rd6 37. Nc2 Nd7 38. Ne3 Rd4 39. Nc2 Ra4 40. Nb4 Nc5 41. Rb2 Ra3 42. Nc6+ Ke6 43. Nd4+ Kf6 44. Nc2 Rb3 45. Rxb3 Nxb3 46. Ne3 Nd4+ 47. Kd3 Nxb5 48. Nd5+ Ke5 49. Nxb6 h4 50. Nc4+ 1/2-1/2

[Event "CAN-op"]
[Site "Edmonton CAN"]
[Date "2000.07.14"]
[Round "8"]
[White "Odachowski, Arthur"]
[Black "Gushuliak, Justin"]
[Result "1-0"]
[WhiteElo "2336"]
[BlackElo "2119"]
[PlyCount "87"]
[GameId "2160767911694947"]
[EventDate "2000.07.08"]
[EventType "swiss"]
[EventRounds "10"]
[EventCountry "CAN"]

1. d4 e6 2. c4 b6 3. Nc3 Bb7 4. Nf3 f5 5. g3 Nf6 6. Bg2 Bb4 7. O-O Bxc3 8. bxc3 O-O 9. Ba3 d6 10. c5 Ne4 11. cxd6 cxd6 12. Rc1 Nd7 13. Ne1 Ndf6 14. f3 Ng5 15. Nd3 Qd7 16. Qd2 h6 17. c4 Rac8 18. Qb4 Nf7 19. Bb2 Ba6 20. Rfd1 Qc7 21. Nf4 Rfe8 22. d5 e5 23. Ne6 Qd7 24. e4 fxe4 25. fxe4 Ng5 26. Nxg5 hxg5 27. Rd3 Qc7 28. Ba3 Red8 29. Qa4 Qb7 30. Rb3 b5 31. Qa5 Qb6+ 32. Qxb6 axb6 33. cxb5 Rxc1+ 34. Bxc1 Bb7 35. Rc3 g4 36. Be3 Nd7 37. Rc7 Ba8 38. Bf1 Kh7 39. Be2 Nf6 40. Bg5 Rd7 41. Rxd7 Nxd7 42. Bxg4 Nc5 43. Bd8 g6 44. Bf3 1-0

[Event "CAN-op"]
[Site "Edmonton CAN"]
[Date "2000.07.14"]
[Round "8"]
[White "Olson, Hans"]
[Black "Kleist, Frederick"]
[Result "0-1"]
[WhiteElo "2044"]
[BlackElo "2139"]
[PlyCount "42"]
[GameId "2160767911694948"]
[EventDate "2000.07.08"]
[EventType "swiss"]
[EventRounds "10"]
[EventCountry "CAN"]

1. e4 c5 2. Nc3 Nc6 3. f4 g6 4. Nf3 Bg7 5. Bb5 Nd4 6. a4 Nxb5 7. axb5 d6 8. O-O Nf6 9. Qe2 O-O 10. Nd1 Bd7 11. Nf2 Qc7 12. c4 e5 13. d3 a6 14. bxa6 Rxa6 15. Rxa6 bxa6 16. h3 Nh5 17. Nh1 exf4 18. Kh2 Re8 19. Nh4 d5 20. Nf3 dxe4 21. dxe4 Bc6 0-1

[Event "CAN-op"]
[Site "Edmonton CAN"]
[Date "2000.07.14"]
[Round "8"]
[White "Palcic, Branko"]
[Black "Tassone, Adam"]
[Result "0-1"]
[WhiteElo "1676"]
[BlackElo "1258"]
[PlyCount "77"]
[GameId "2160767911694949"]
[EventDate "2000.07.08"]
[EventType "swiss"]
[EventRounds "10"]
[EventCountry "CAN"]

1. e4 e5 2. f4 Bc5 3. Nf3 d6 4. Bc4 Nc6 5. c3 Qe7 6. Qe2 Nf6 7. d3 O-O 8. a3 Be6 9. Ra2 Rad8 10. b4 Bb6 11. f5 Bxc4 12. dxc4 Rd7 13. Bg5 Rfd8 14. Nbd2 h6 15. Bh4 Re8 16. h3 Nb8 17. g4 c6 18. g5 hxg5 19. Bxg5 d5 20. Qg2 Kf8 21. h4 Red8 22. h5 Ke8 23. h6 gxh6 24. Rxh6 Qf8 25. Rxf6 Qg7 26. Nxe5 Re7 27. Nxf7 Rxf7 28. Rg6 Qxc3 29. Re6+ Kd7 30. Bxd8 Bxd8 31. c5 Rh7 32. exd5 Rh1+ 33. Ke2 Rh3 34. dxc6+ Nxc6 35. Rd6+ Kc8 36. Kd1 Bc7 37. Rc2 Qxa3 38. Qg8+ Bd8 39. Rxd8+ 0-1

[Event "CAN-op"]
[Site "Edmonton CAN"]
[Date "2000.07.14"]
[Round "8"]
[White "Robertson, Trevor"]
[Black "MacFie, Bob"]
[Result "1-0"]
[WhiteElo "1266"]
[BlackElo "1627"]
[PlyCount "57"]
[GameId "2160767911694952"]
[EventDate "2000.07.08"]
[EventType "swiss"]
[EventRounds "10"]
[EventCountry "CAN"]

1. d4 f5 2. c4 Nf6 3. Nc3 d6 4. Nf3 g6 5. Bf4 h6 6. h4 Bg7 7. e3 Na6 8. a3 c5 9. d5 Ne4 10. Rc1 Nxc3 11. bxc3 Qa5 12. Qb3 Bd7 13. Bd3 Ba4 14. Qb2 b5 15. cxb5 Rb8 16. O-O Bxb5 17. Bxb5+ Rxb5 18. Qe2 Qa4 19. Rb1 c4 20. e4 Rxb1 21. Rxb1 fxe4 22. Qxe4 O-O 23. Bxh6 Rxf3 24. gxf3 Bxh6 25. Qxg6+ Bg7 26. Rb7 Qd1+ 27. Kg2 Qe1 28. Rxa7 Nc5 29. Ra8# 1-0

[Event "CAN-op"]
[Site "Edmonton CAN"]
[Date "2000.07.14"]
[Round "8"]
[White "Rock, Dawn"]
[Black "Goutor, Valentina"]
[Result "0-1"]
[WhiteElo "1302"]
[BlackElo "1605"]
[PlyCount "50"]
[GameId "2160767911694953"]
[EventDate "2000.07.08"]
[EventType "swiss"]
[EventRounds "10"]
[EventCountry "CAN"]

1. e4 d6 2. Nf3 Nf6 3. d3 g6 4. g3 Bg7 5. Bg2 O-O 6. O-O c5 7. Nbd2 Nc6 8. Re1 Ng4 9. a4 Nge5 10. Nxe5 Nxe5 11. f4 Bg4 12. Bf3 Nxf3+ 13. Nxf3 Qb6 14. c3 c4+ 15. Kg2 cxd3 16. Qxd3 Rad8 17. b4 f5 18. Be3 Qc6 19. Bxa7 Qxc3 20. Qd5+ Kh8 21. Nd4 Qxb4 22. Rab1 Qd2+ 23. Kh1 Bxd4 24. Bxd4+ e5 25. fxe5 Bf3+ 0-1

[Event "CAN-op"]
[Site "Edmonton CAN"]
[Date "2000.07.14"]
[Round "8"]
[White "Schmitz, Manuela"]
[Black "Ramaswamy, Kiran"]
[Result "1-0"]
[WhiteElo "2121"]
[BlackElo "1749"]
[PlyCount "83"]
[GameId "2160767911694955"]
[EventDate "2000.07.08"]
[EventType "swiss"]
[EventRounds "10"]
[EventCountry "CAN"]

1. d4 Nf6 2. c4 c5 3. d5 e5 4. Nc3 d6 5. e4 Be7 6. Nf3 O-O 7. Be2 Ne8 8. O-O g6 9. Bh6 Ng7 10. Nd2 f5 11. f4 Bf6 12. fxe5 Bxe5 13. Nf3 Nd7 14. Qd2 Qe7 15. Nxe5 Nxe5 16. Bg5 Qe8 17. Rae1 Nf7 18. exf5 Bxf5 19. Bg4 Qc8 20. Bxf5 Nxf5 21. Bf6 Nh8 22. Ne4 Qc7 23. Bc3 Qd8 24. g4 Nd4 25. Bxd4 cxd4 26. Qxd4 Qh4 27. Nf6+ Rxf6 28. Qxf6 Qxg4+ 29. Kh1 Qxc4 30. Qe6+ Kg7 31. Rc1 Qd3 32. Rf4 h5 33. Qe4 Qd2 34. Rc7+ Kh6 35. Rf1 Qxb2 36. Qe3+ g5 37. Qe7 g4 38. Rf6+ Ng6 39. Qh7+ Kg5 40. Rxg6+ Kh4 41. Qe7+ Kh3 42. Qe3+ 1-0

[Event "CAN-op"]
[Site "Edmonton CAN"]
[Date "2000.07.14"]
[Round "8"]
[White "Sekuloff, Mike"]
[Black "Kesteris, Thorston"]
[Result "1-0"]
[WhiteElo "1725"]
[BlackElo "1152"]
[PlyCount "83"]
[GameId "2160767911694956"]
[EventDate "2000.07.08"]
[EventType "swiss"]
[EventRounds "10"]
[EventCountry "CAN"]

1. c4 Nc6 2. Nf3 e5 3. e4 Bc5 4. d3 Nf6 5. Be2 d6 6. O-O h6 7. a3 Nd4 8. b4 Nxf3+ 9. Bxf3 Bd4 10. Ra2 b6 11. Bb2 Bxb2 12. Rxb2 O-O 13. Nc3 Bb7 14. c5 Bc6 15. b5 Bb7 16. c6 Bc8 17. Nd5 Nxd5 18. exd5 f5 19. g3 Qg5 20. h4 Qg6 21. Bh5 Qf6 22. Rb4 f4 23. Qf3 g5 24. hxg5 Qxg5 25. g4 Kh8 26. Qh3 Rg8 27. f3 a6 28. Ra4 Kh7 29. Kf2 Rf8 30. Rh1 Rf6 31. Be8 Qg8 32. Qh4 Qf8 33. g5 Bf5 34. gxf6 Rxe8 35. Ke2 a5 36. Rc4 Kg6 37. Rg1+ Kh7 38. Rg7+ Qxg7 39. fxg7 Kxg7 40. a4 Bg6 41. Rc1 Kf8 42. Qxh6+ 1-0

[Event "CAN-op"]
[Site "Edmonton CAN"]
[Date "2000.07.14"]
[Round "8"]
[White "Sexsmith, Kyle"]
[Black "Mair, Bob"]
[Result "1/2-1/2"]
[WhiteElo "1566"]
[BlackElo "1695"]
[PlyCount "68"]
[GameId "2160767911694957"]
[EventDate "2000.07.08"]
[EventType "swiss"]
[EventRounds "10"]
[EventCountry "CAN"]

1. d4 f5 2. c4 Nf6 3. Bg5 e6 4. Nc3 Be7 5. Nf3 d6 6. e3 Nbd7 7. Bd3 c6 8. Qb3 h6 9. Bf4 g5 10. Bg3 b6 11. h4 g4 12. Nd2 h5 13. e4 Nf8 14. O-O-O Ng6 15. f3 Kf7 16. exf5 exf5 17. fxg4 Nxg4 18. Rdf1 Bxh4 19. Bxh4 Nxh4 20. g3 Ng6 21. Bxf5 Kg7 22. Bxg6 Kxg6 23. Qc2+ Kg7 24. Qe4 Bd7 25. Qf4 Qf6 26. Nde4 Qxf4+ 27. gxf4 d5 28. cxd5 cxd5 29. Nxd5 Bc6 30. Ndc3 Rac8 31. Kd2 Kh6 32. Rhg1 Nh2 33. Rf2 Ng4 34. Rff1 Nh2 1/2-1/2

[Event "CAN-op"]
[Site "Edmonton CAN"]
[Date "2000.07.14"]
[Round "8"]
[White "Smith, Maurice"]
[Black "Ward, Hilton"]
[Result "0-1"]
[WhiteElo "1836"]
[BlackElo "1369"]
[PlyCount "90"]
[GameId "2160767911694958"]
[EventDate "2000.07.08"]
[EventType "swiss"]
[EventRounds "10"]
[EventCountry "CAN"]

1. d4 Nf6 2. c4 e6 3. Nf3 Nc6 4. a3 Be7 5. Nc3 b6 6. Bg5 Bb7 7. e3 O-O 8. Bd3 d5 9. cxd5 Nxd5 10. Bxe7 Ncxe7 11. Rc1 a6 12. O-O Ng6 13. Nxd5 exd5 14. Qe2 Qd6 15. Rc3 Rae8 16. Qc2 Re7 17. Rc1 c6 18. Rb3 b5 19. Rc3 f5 20. Bxf5 Ref7 21. Bxg6 hxg6 22. Qd1 Qf6 23. R3c2 Qf5 24. Ne5 Rf6 25. Qd3 Qe6 26. Qc3 Qf5 27. Qa5 Bc8 28. Qc7 Qg5 29. Re1 Bh3 30. g3 Qf5 31. Rd2 Qxf2+ 32. Rxf2 Rxf2 33. Qd8 Rg2+ 34. Kh1 Rxd8 35. Nxg6 Rxb2 36. Rc1 Re8 37. Nf4 Bf5 38. Rxc6 Rxe3 39. Rc1 Rxa3 40. Kg1 Raa2 41. Re1 Be4 42. Rc1 Kh7 43. h4 b4 44. g4 b3 45. g5 Rd2 0-1

[Event "CAN-op"]
[Site "Edmonton CAN"]
[Date "2000.07.14"]
[Round "8"]
[White "Spraggett, Kevin"]
[Black "Wells, Peter K"]
[Result "1/2-1/2"]
[WhiteElo "2501"]
[BlackElo "2506"]
[PlyCount "33"]
[GameId "2160767911694959"]
[EventDate "2000.07.08"]
[EventType "swiss"]
[EventRounds "10"]
[EventCountry "CAN"]
[SourceTitle "EXT 2001"]
[Source "ChessBase"]
[SourceDate "2000.11.22"]
[SourceVersion "1"]
[SourceVersionDate "2000.11.22"]
[SourceQuality "1"]

1. Nf3 Nf6 2. c4 e6 3. b3 b6 4. Bb2 Bb7 5. e3 g6 6. Nc3 Bg7 7. d4 O-O 8. Bd3 c5 9. O-O cxd4 10. Nxd4 Na6 11. Be2 d5 12. Rc1 dxc4 13. Bxc4 Nc5 14. b4 Nce4 15. Nxe4 Nxe4 16. Qe2 Qe7 17. a3 1/2-1/2

[Event "CAN-op"]
[Site "Edmonton CAN"]
[Date "2000.07.14"]
[Round "8"]
[White "Steinke, Wally"]
[Black "Tsui, Alick"]
[Result "1/2-1/2"]
[WhiteElo "1731"]
[BlackElo "1106"]
[PlyCount "106"]
[GameId "2160767911694960"]
[EventDate "2000.07.08"]
[EventType "swiss"]
[EventRounds "10"]
[EventCountry "CAN"]

1. d4 Nf6 2. c4 g6 3. Nc3 Bg7 4. e4 d6 5. Be2 O-O 6. Bg5 e5 7. dxe5 dxe5 8. Qxd8 Rxd8 9. Bxf6 Bxf6 10. Nd5 Nd7 11. Nxc7 Rb8 12. Nd5 Kg7 13. Nf3 Re8 14. O-O Nf8 15. Nxf6 Kxf6 16. Rad1 Bg4 17. Rd6+ Kg7 18. Rfd1 Ne6 19. R1d2 Nc5 20. h3 Bxh3 21. gxh3 Nxe4 22. R6d5 Nxd2 23. Nxd2 f5 24. b4 Rbd8 25. f3 Rxd5 26. cxd5 a6 27. a4 Rd8 28. Bc4 b5 29. axb5 axb5 30. Bb3 Kf6 31. Kf2 Ke7 32. Ke3 Ra8 33. f4 e4 34. Kd4 Kd6 35. Nb1 Rb8 36. Nc3 h6 37. Bd1 g5 38. fxg5 hxg5 39. Be2 Rh8 40. Nxb5+ Kd7 41. Bf1 g4 42. hxg4 fxg4 43. Kxe4 g3 44. Bg2 Rb8 45. Nc3 Rxb4+ 46. Kd3 Rb3 47. Kc2 Ra3 48. Bh3+ Ke7 49. Bg2 Ra1 50. Ne2 Ra2+ 51. Kd3 Kd6 52. Ke3 Ke5 53. Nxg3 Rxg2 1/2-1/2

[Event "CAN-op"]
[Site "Edmonton CAN"]
[Date "2000.07.14"]
[Round "8"]
[White "Strojevs, Alexander"]
[Black "Malito, Skylar"]
[Result "1/2-1/2"]
[WhiteElo "1904"]
[BlackElo "1505"]
[PlyCount "66"]
[GameId "2160767911694961"]
[EventDate "2000.07.08"]
[EventType "swiss"]
[EventRounds "10"]
[EventCountry "CAN"]

1. d4 Nf6 2. c4 g6 3. Nc3 Bg7 4. Nf3 d6 5. e4 Nbd7 6. Be2 O-O 7. O-O c5 8. d5 Ng4 9. Nd2 Ngf6 10. f4 a6 11. Nf3 Nb6 12. Kh1 Qc7 13. Bd2 Re8 14. Qc2 e6 15. Rae1 exd5 16. exd5 Rxe2 17. Nxe2 Bf5 18. Qc1 Bd3 19. b3 Re8 20. Nfg1 Qd7 21. Bc3 Qg4 22. Qd1 Re3 23. Qd2 Be4 24. Ng3 Rd3 25. Qb2 Rxg3 26. hxg3 Qh5+ 27. Nh3 Qxh3+ 28. Kg1 Qxg3 29. Rxe4 Nxe4 30. Bxg7 Qe3+ 31. Kh2 Qg3+ 32. Kg1 Qe3+ 33. Kh2 Qg3+ 1/2-1/2